Состав продуктов низкотемпературного термолиза асфальтенов тяжелых нефтей; Иерархические материалы: разработка и приложения для новых технологий и надежных конструкций
| Parent link: | Иерархические материалы: разработка и приложения для новых технологий и надежных конструкций.— 2018.— [С. 724] |
|---|---|
| Corporate Author: | |
| Other Authors: | , , , |
| Summary: | Заглавие с экрана Режим доступа: по договору с организацией-держателем ресурса |
| Language: | Russian |
| Published: |
2018
|
| Series: | Химия нефти и газа |
| Subjects: | |
| Online Access: | http://dx.doi.org/10.17223/9785946217408/473 https://elibrary.ru/item.asp?id=36749363 |
| Format: | Electronic Book Chapter |
| KOHA link: | https://koha.lib.tpu.ru/cgi-bin/koha/opac-detail.pl?biblionumber=659935 |
MARC
| LEADER | 00000nla2a2200000 4500 | ||
|---|---|---|---|
| 001 | 659935 | ||
| 005 | 20240109104942.0 | ||
| 035 | |a (RuTPU)RU\TPU\network\28767 | ||
| 035 | |a RU\TPU\network\28766 | ||
| 090 | |a 659935 | ||
| 100 | |a 20190405a2018 k y0rusy50 ca | ||
| 101 | 0 | |a rus | |
| 102 | |a RU | ||
| 105 | |a y z 100zy | ||
| 135 | |a drgn ---uucaa | ||
| 181 | 0 | |a i | |
| 182 | 0 | |a b | |
| 200 | 1 | |a Состав продуктов низкотемпературного термолиза асфальтенов тяжелых нефтей |f Д. С. Корнеев [и др.] | |
| 203 | |a Текст |c электронный | ||
| 225 | 1 | |a Химия нефти и газа | |
| 300 | |a Заглавие с экрана | ||
| 320 | |a [Библиогр.: с. 724 (4 назв.)] | ||
| 333 | |a Режим доступа: по договору с организацией-держателем ресурса | ||
| 463 | 0 | |0 (RuTPU)RU\TPU\network\28560 |t Иерархические материалы: разработка и приложения для новых технологий и надежных конструкций |o международный симпозиум, 1-5 октября 2018 года, Томск, Россия |o тезисы докладов международной конференции "Перспективные материалы с иерархической структурой для новых технологий и надежных конструкций" |o тезисы докладов международной конференции "Химия нефти и газа" |f Российская академия наук (РАН), Сибирское отделение (СО), Институт физики прочности и материаловедения (ИФПМ) ; Российская академия наук (РАН), Сибирское отделение (СО), Институт химии нефти (ИХН) ; Национальный исследовательский Томский политехнический университет (ТПУ) |v [С. 724] |d 2018 | |
| 610 | 1 | |a электронный ресурс | |
| 610 | 1 | |a труды учёных ТПУ | |
| 610 | 1 | |a состав | |
| 610 | 1 | |a термолиз | |
| 610 | 1 | |a асфальтены | |
| 610 | 1 | |a тяжелые нефти | |
| 610 | 1 | |a низкотемпературный термолиз | |
| 610 | 1 | |a нефтяные системы | |
| 701 | 1 | |a Корнеев |b Д. С. |c химик-технолог |c ассистент кафедры Томского политехнического университета |f 1990- |g Дмитрий Сергеевич |3 (RuTPU)RU\TPU\pers\33843 | |
| 701 | 1 | |a Чузлов |b В. А. |c химик |c доцент Томского политехнического университета, кандидат технических наук |f 1991- |g Вячеслав Алексеевич |3 (RuTPU)RU\TPU\pers\33874 |9 17463 | |
| 701 | 1 | |a Певнева |b Г. С. | |
| 701 | 1 | |a Головко |b А. К. | |
| 712 | 0 | 2 | |a Национальный исследовательский Томский политехнический университет |b Инженерная школа природных ресурсов |b Отделение химической инженерии |3 (RuTPU)RU\TPU\col\23513 |
| 801 | 2 | |a RU |b 63413507 |c 20191118 |g RCR | |
| 856 | 4 | |u http://dx.doi.org/10.17223/9785946217408/473 | |
| 856 | 4 | |u https://elibrary.ru/item.asp?id=36749363 | |
| 942 | |c CF | ||